Endokrinológiai feladatok gyermekkori daganatos megbetegedések miatt kezeltek utógondozásában
Elmentve itt :
| Szerző: | |
|---|---|
| Dokumentumtípus: | Könyv része |
| Megjelent: |
2006
|
| Sorozat: | Tiszaparti esték
7 Tiszaparti esték : gyermekgyógyászati továbbképző előadások 2005-2006 7 |
| Kulcsszavak: | Gyermekgyógyászat, Endokrinológia, Rákbetegség |
| Tárgyszavak: | |
| Online Access: | http://acta.bibl.u-szeged.hu/18893 |
| LEADER | 00856naa a2200217 i 4500 | ||
|---|---|---|---|
| 001 | acta18893 | ||
| 005 | 20220316153534.0 | ||
| 008 | 161015s2006 hu o 0|| hun d | ||
| 022 | |a 1588-3515 | ||
| 040 | |a SZTE Egyetemi Kiadványok Repozitórium |b hun | ||
| 041 | |a hun | ||
| 100 | 1 | |a Halász Zita | |
| 245 | 1 | 0 | |a Endokrinológiai feladatok gyermekkori daganatos megbetegedések miatt kezeltek utógondozásában |h [elektronikus dokumentum] / |c Halász Zita |
| 260 | |c 2006 | ||
| 300 | |a 267-270 | ||
| 490 | 0 | |a Tiszaparti esték |v 7 | |
| 490 | 0 | |a Tiszaparti esték : gyermekgyógyászati továbbképző előadások 2005-2006 |v 7 | |
| 650 | 4 | |a Orvos- és egészségtudomány | |
| 650 | 4 | |a Klinikai orvostan | |
| 695 | |a Gyermekgyógyászat, Endokrinológia, Rákbetegség | ||
| 856 | 4 | 0 | |u http://acta.bibl.u-szeged.hu/18893/1/tiszaparti_2005_267-270.pdf |z Dokumentum-elérés |